New products management / (Record no. 335242)
[ view plain ]
| 000 -LEADER | |
|---|---|
| fixed length control field | 00514nam a22001697a 4500 |
| 003 - CONTROL NUMBER IDENTIFIER | |
| control field | SISC |
| 005 - DATE AND TIME OF LATEST TRANSACTION | |
| control field | 20170616160318.0 |
| 008 - FIXED-LENGTH DATA ELEMENTS--GENERAL INFORMATION | |
| fixed length control field | 170616b xxu||||| |||| 00| 0 eng d |
| 020 ## - INTERNATIONAL STANDARD BOOK NUMBER | |
| International Standard Book Number | 9789813151222 |
| 050 ## - LIBRARY OF CONGRESS CALL NUMBER | |
| Classification number | HF 5415 |
| Item number | .C856 2017 |
| 100 ## - MAIN ENTRY--PERSONAL NAME | |
| Personal name | Crawford, C. Merle. |
| 245 ## - TITLE STATEMENT | |
| Title | New products management / |
| Statement of responsibility, etc | C. Merle Crawford, C. Anthony Di Benedetto. |
| 260 ## - PUBLICATION, DISTRIBUTION, ETC. (IMPRINT) | |
| Place of publication, distribution, etc | NY : |
| Name of publisher, distributor, etc | Mc Graw Hill, |
| Date of publication, distribution, etc | 2017. |
| 300 ## - PHYSICAL DESCRIPTION | |
| Extent | xx, 588 pages : |
| Other physical details | illustrations ; |
| Dimensions | 24 cm. |
| 500 ## - GENERAL NOTE | |
| General note | Includes appendix and index. |
| 942 ## - ADDED ENTRY ELEMENTS (KOHA) | |
| Source of classification or shelving scheme | Library of Congress Classification |
| Koha item type | Books |
| Withdrawn status | Lost status | Source of classification or shelving scheme | Damaged status | Home library | Current library | Shelving location | Date acquired | Source of acquisition | Sub Shelving location | Total Checkouts | Full call number | Barcode | Date last seen | Price effective from | Koha item type |
|---|---|---|---|---|---|---|---|---|---|---|---|---|---|---|---|
| Library of Congress Classification | College Library | College Library | Graduate Section | 06/16/2017 | Library Fund | HF 5415 .C856 2017 | C20974 | 05/15/2018 | 06/16/2017 | Books |